000
00312nam a22001337a 4500
008
170302b xxu||||| |||| 00| 0 eng d
020
_a
9781401871956
041
_a
eng
080
_2
4TH
_a
616.073
100
_a
6
101
_a
SHM
245
_a
PRINCIPLES OF RADIOGRAPHIC IMAGING
_c
CARLTON, R.R
942
_2
udc
_c
BK
999
_c
6616
_d
6616